Historia de la música Codex : vol. IV, núm. 80 : La ópera de Giacomo Puccini /

Enciclopedia ilustrada compuesta de 169 fascículos, organizados en cinco volúmenes, que se publicó originalmente en España en 1965, con una periodicidad semanal. Cada fascículo estaba acompañado de un disco de 33 revoluciones y 17 cms de diámetro, con excepción de los últimos tres fascículos que com...

Ausführliche Beschreibung

Gespeichert in:
Bibliographische Detailangaben
Format: Buch
Sprache:Spanisch
Veröffentlicht: Madrid, España : Codex, 1965, c1965
Schlagworte:
Tags: Tag hinzufügen
Keine Tags, Fügen Sie das erste Tag hinzu!

MARC

LEADER 00000nam^a2200000^a^4500
001 000621274
005 20250922000000.0
009 20260310133856.037
037 |a Acervo ITESO - Biblioteca 
041 |a ESP 
082 |a 780. 9  |b HIS V. 80 
240 1 1 |a [Historia de la música Codex] 
245 0 0 |a Historia de la música Codex :  |b vol. IV, núm. 80 : La ópera de Giacomo Puccini / 
264 4 |a Madrid, España :  |b Codex,  |c 1965, c1965 
300 |a p. 21-36 
336 |a texto  |b txt  |2 rdacontenido 
337 |a sin mediación  |b n  |2 rdamedio 
338 |a volumen  |b nc  |2 rdasoporte 
520 |a Enciclopedia ilustrada compuesta de 169 fascículos, organizados en cinco volúmenes, que se publicó originalmente en España en 1965, con una periodicidad semanal. Cada fascículo estaba acompañado de un disco de 33 revoluciones y 17 cms de diámetro, con excepción de los últimos tres fascículos que comprenden los índices generales. Las cubiertas de cada fascículo representan un instrumento musical diferente. En este compendio se reconstruye la historia de la música, desde sus inicios hasta la música contemporánea, a través del desarrollo biográfico de los músicos más sobresalientes de cada época. 
545 0 |a Giacomo Puccini (Lucca, 1858 - Bruselas, 1924) es considerado el autor de las óperas más relevantes de comienzos del siglo XX, heredero de Verdi, pero capaz también de amalgamar tradiciones musicales diversas. Protagonista indiscutible de la llamada ópera realista, tomó de los franceses la preocupación por la ambientación histórica y por la veracidad, creando obras con valor melódico, pero igualmente con personajes fuertes y cautivadores. Manon Lescaut, La bohème, Tosca, Madame Butterfly, La fanciulla del West y Turandot, son ya clásicos del repertorio operístico. Compuso, además, algo de música sacra, coral y orquestal. 
562 |a Falta material anexo [elepé de música] 
649 |a XX 
650 |a Músicos Italianos 
650 |a Artistas Italianos 
650 |a Opera -  |z Italia -  |x Historia y Crítica 
650 |a Opera -  |x Historia y Crítica 
650 |a Música Vocal -  |z Italia -  |x Historia y Crítica 
650 |a Música Vocal -  |x Historia y Crítica 
650 |a Música para Representación -  |z Italia -  |x Historia y Crítica 
650 |a Música para Representación -  |x Historia y Crítica 
650 |a Música en el Teatro -  |z Italia -  |x Historia y Crítica 
650 |a Música en el Teatro -  |x Historia y Crítica 
650 |a Música Romántica -  |z Italia -  |x Historia y Crítica 
650 |a Música Romántica -  |x Historia y Crítica 
650 |a Música Italiana -  |x Historia y Crítica 
650 |a Música Italiana -  |y Siglo XX 
650 |a Música -  |x Historia y Crítica -  |x Tema Principal 
650 |a Música -  |x Publicaciones Periódicas Españolas -  |x Tema Principal 
650 |a Música -  |x Enciclopedias y Diccionarios -  |x Tema Principal 
650 |a Publicaciones Periódicas Españolas 
650 |a Enciclopedias y Diccionarios 
650 |a Puccini, Giacomo -  |x Tema Principal 
910 |a Fondo Castillo-Martínez 
920 |a Impresos - Libros 
930 |a Fondos Especiales 
905 |a 127 
901 |a 621274-10  |b IT2  |c ESP  |i D127915  |u 20250922 
902 |a https://opac.biblio.iteso.mx/vufind/Record/000621274